000 00673nam a22002297a 4500
003 UA-OsUOA
001 117280
007 ta
008 20160516b un ||||| |||| 00| 0 ukr d
100 _aЕлкина Н. М.
090 _a811.163.1
_bЕ51
942 _cBK
040 _aUA-OsUOA
_brus
_cUA-OsUOA
_dUA-OsUOA
245 _aСтарославянский язык
_bучебное пособие
300 _a224 с.
955 _a2
041 _arus
080 _a811.163.1
260 _aМ.
_bГУПИМП РСФР
_c1960
650 7 _a8 Мовознавство. Художня література. Літературознавство
_2UDC
999 _c403285
_d403285